Statystyki dla Kraje z największym % osób w wieku produkcyjnym

Kliknij tutaj aby rozwiązać quiz!

Ogólne statystyki

  • Ten quiz został rozwiązany 33 razy
  • Średni wynik to 32 z 50

Statystyki odpowiedzi

%Kraj% Poprawnych
81,6Etiopia
90%
80,9Kenia
90%
113,0Niger
90%
87,7Nigeria
87%
80,3Madagaskar
83%
98,1Somalia
83%
78,0Sudan
83%
100,7Czad
80%
100,2Mali
80%
94,8Mozambik
80%
99.9Angola
77%
86,2Kongo
77%
83,7Sudan Południowy
77%
83,9Gwinea
73%
87,6Senegal
73%
83,5Wybrzeże Kości Słoniowej
73%
95,4Zambia
73%
80,4Zimbabwe
73%
93,8Tanzania
70%
92,2Burkina Faso
67%
72,9Gwinea Równikowa
67%
84,3Kamerun
67%
76,1Mauretania
67%
102,4Uganda
67%
87,0Afganistan
63%
89,7Burundi
63%
94,2Gambia
63%
73,0Ghana
63%
75,2Republika Środkowoafrykańska
63%
78,0Rwanda
63%
81,9Sierra Leone
63%
81,8Togo
63%
73,1Gabon
60%
78,5Gwinea Bissau
60%
79,1Irak
60%
82,9Liberia
57%
96,0Demokratyczna Republika Konga
53%
69,3Eswatini
53%
75,6Jemen
53%
82,0Benin
50%
94,6Malawi
50%
70,0Syria
50%
75,7Komory
47%
84,2Wyspy Świętego Tomasza i Książęca
43%
74,0Samoa
30%
74,3Tonga
30%
68,7Vanuatu
30%
70,9Gwatemala
27%
93,3Timor Wschodni
23%
75,1Wyspy Salomona
23%

Rozkład punktacji

Percentyl według liczby udzielonych odpowiedzi

Procent ludzi z każdym wynikiem

Twoja historia wyników

Nie rozwiązałeś tego quizu